000 00365nam a2200157Ia 4500
003 OSt
005 20240326165321.0
008 170524s9999 xx 000 0 und d
020 _a978-8180548079
040 _ciimtu meerut
100 _aVARSHNEY- PN
100 _c2005
245 0 _aBANKING LAW AND PRACTICE
260 _aSULTAN CHAND SONS SONS
942 _2ddc
_c02
999 _c2142
_d2142